000 00824nam a2200265Ia 4500
003 OSt
005 20230719093833.0
008 210716s2003 xx 000 0 und d
020 _a9781259027604
040 _cAIMIT LIBRARY
041 _aeng
082 _a339
_210
_bDORR
100 _aDornbusch, Rudiger.
_9127654
245 _aMacroeconomics /
_cBy Rudiger Dornbusch, Stanley Fischer and Richard Startz.
250 _a10th ed.
260 _aNew Delhi :
_bTata McGraw Hill Publishing Company ,
_c2003.
300 _axxii,629p. ;
_bPB
_c22.3 cm.
650 _aEconomics
_9127655
651 _aFirst model
_9127656
651 _aBehavioral foundation
_9127657
651 _aAdvanced topics
_9127658
700 _aFischer, Stanley.
_9127659
700 _aStartz, Richard.
_9127660
942 _2ddc
_cBK
_e10th
_k339 DORR
999 _c197754
_d197754